000
00244nam a22000857a 4500
008
231206b |||||||| |||| 00| 0 eng d
020
_a
9789355559234
100
_a
MTG LEARNING MEDIA LTD
_9
7730
245
_a
CHEMISTRY JEE MAIN & ADVANCED LASS XI-XII
999
_c
12485
_d
12485